[Event "Nuremberg Zabo op 23rd"]
[Site "Nuremberg"]
[Date "2023.09.17"]
[Round "5"]
[White "Gajewski, Richard"]
[Black "Noering, Andreas"]
[Result "1/2-1/2"]
[WhiteElo "1594"]
[BlackElo "1801"]
[PlyCount "54"]
[EventDate "2023.09.15"]
[EventType "swiss"]
[EventRounds "5"]
[EventCountry "GER"]
[SourceTitle "EXT 2024"]
[Source "ChessBase"]
[SourceDate "2023.10.10"]
[SourceVersion "1"]
[SourceVersionDate "2023.10.10"]
[SourceQuality "1"]

1. Nc3 Nf6 2. e4 e5 3. Nf3 Nc6 4. Bc4 Bc5 5. 0-0 d6 6. h3 Na5 7. Bd3 a6 8. a3 Nc6 9. Bc4 Be6 10. Ba2 Qd7 11. d3 Ba7 12. Kh2 h6 13. Be3 Nd4 14. Bxd4 exd4 15. Ne2 Bxa2 16. Rxa2 c5 17. c3 dxc3 18. bxc3 0-0 19. Ng3 g6 20. Nh4 Rae8 21. Re2 Bb8 22. f4 Kh7 23. d4 Qd8 24. Nf3 Re7 25. e5 Nd5 26. Qd2 Qa5 27. Ne4 cxd4 1/2-1/2

[Event "Nuremberg Zabo op 23rd"]
[Site "Nuremberg"]
[Date "2023.09.17"]
[Round "4"]
[White "Held, Werner"]
[Black "Gajewski, Richard"]
[Result "1/2-1/2"]
[WhiteElo "1051"]
[BlackElo "1594"]
[PlyCount "94"]
[EventDate "2023.09.15"]
[EventType "swiss"]
[EventRounds "5"]
[EventCountry "GER"]
[SourceTitle "EXT 2024"]
[Source "ChessBase"]
[SourceDate "2023.10.10"]
[SourceVersion "1"]
[SourceVersionDate "2023.10.10"]
[SourceQuality "1"]

1. d4 c5 2. Nf3 e6 3. e4 cxd4 4. Nxd4 Nc6 5. Nf3 Bc5 6. a3 Qb6 7. Qe2 a5 8. Nc3 a4 9. Qb5 Bxf2+ 10. Kd1 Nf6 11. Qxb6 Bxb6 12. Nb5 0-0 13. Bd3 Ng4 14. Ke2 d5 15. h3 Nf6 16. e5 Nd7 17. Bf4 f6 18. exf6 Rxf6 19. g3 e5 20. Bg5 Rg6 21. Bxg6 hxg6 22. Rad1 d4 23. Nh4 Ra5 24. Nd6 Na7 25. Nxg6 Rc5 26. Ne7+ Kh7 27. Ndxc8 Nxc8 28. Nxc8 Rxc8 29. Rc1 e4 30. Rhd1 Ne5 31. Bf4 Nc4 32. Rb1 Na5 33. Rbc1 Rc5 34. Bd6 Rh5 35. Bb4 Nc6 36. c3 d3+ 37. Kf1 Rf5+ 38. Kg2 Rf2+ 39. Kh1 Rxb2 40. Rb1 Rc2 41. Bd6 Be3 42. Bf4 Bxf4 43. gxf4 Rxc3 44. Rxb7 e3 45. Rg1 d2 46. Rbxg7+ Kh6 47. R1g6+ Kh5 1/2-1/2

[Event "Mittelfranken-ch QT"]
[Site "Nuremberg"]
[Date "2019.04.20"]
[Round "7.12"]
[White "Gajewski, Richard"]
[Black "Hummady, Pascha"]
[Result "1-0"]
[WhiteElo "1681"]
[BlackElo "1388"]
[PlyCount "51"]
[EventDate "2019.04.17"]
[EventType "swiss"]
[EventRounds "7"]
[EventCountry "GER"]
[SourceTitle "EXT 2022"]
[Source "ChessBase"]
[SourceDate "2021.10.06"]
[SourceVersion "1"]
[SourceVersionDate "2021.10.06"]
[SourceQuality "1"]

1. e4 e5 2. f4 exf4 3. Nf3 Nc6 4. d4 d6 5. Bxf4 Nf6 6. Nbd2 Bg4 7. Bd3 Nxd4 8. 0-0 c6 9. c3 Nxf3+ 10. Nxf3 Qb6+ 11. Kh1 0-0-0 12. Qd2 d5 13. e5 Ne4 14. Qc2 h5 15. Bxe4 dxe4 16. Ng5 Rd7 17. Nxe4 Bf5 18. b4 c5 19. Nd6+ Bxd6 20. Qxf5 Bc7 21. Rad1 Rhd8 22. Bg5 g6 23. Qh3 Qc6 24. Bxd8 Bxd8 25. Rxf7 Be7 26. Rxe7 1-0

[Event "Bad Woerishofen op 34th"]
[Site "Bad Woerishofen"]
[Date "2018.03.01"]
[Round "7"]
[White "Rueggeberg, Wilhelm"]
[Black "Gajewski, Richard"]
[Result "0-1"]
[WhiteElo "1808"]
[BlackElo "1694"]
[PlyCount "78"]
[EventDate "2018.02.23"]
[EventType "swiss"]
[EventRounds "9"]
[EventCountry "GER"]
[SourceTitle "EXT 2019"]
[Source "ChessBase"]
[SourceDate "2018.10.10"]
[SourceVersion "1"]
[SourceVersionDate "2018.10.10"]
[SourceQuality "1"]

1. d4 Nf6 2. c4 c5 3. e3 cxd4 4. exd4 e6 5. Nc3 h6 6. Nf3 Bb4 7. Bd2 d5 8. cxd5 Bxc3 9. Bxc3 Nxd5 10. Bb5+ Bd7 11. Qa4 Nc6 12. 0-0 Rc8 13. Rac1 Nb6 14. Qa3 a6 15. Be2 Nd5 16. Rfe1 h5 17. Bd2 f6 18. Qd3 Kf7 19. a3 g5 20. Be3 h4 21. Nd2 Nf4 22. Bxf4 gxf4 23. Ne4 Be8 24. Red1 Kg7 25. Nc5 Qe7 26. Qe4 e5 27. d5 Bg6 28. Qa4 Nd4 29. Bg4 Rxc5 30. Rxc5 Qxc5 31. Qd7+ Kh6 32. d6 Qc6 33. Qc7 f5 34. Qe7 Qe8 35. Qxh4+ Kg7 36. Qe7+ Qxe7 37. dxe7 fxg4 38. f3 gxf3 39. gxf3 Re8 0-1

[Event "Nuremberg Zabo op 19th"]
[Site "Nuremberg"]
[Date "2017.09.16"]
[Round "3"]
[White "Gajewski, Richard"]
[Black "Faralisz, Patrick"]
[Result "0-1"]
[WhiteElo "1555"]
[BlackElo "1863"]
[PlyCount "96"]
[EventDate "2017.09.15"]
[EventType "swiss"]
[EventRounds "5"]
[EventCountry "GER"]
[SourceTitle "EXT 2022"]
[Source "ChessBase"]
[SourceDate "2021.10.06"]
[SourceVersion "1"]
[SourceVersionDate "2021.10.06"]
[SourceQuality "1"]

1. e4 e5 2. f4 exf4 3. Nf3 g5 4. d4 d6 5. Bc4 Bg7 6. 0-0 h6 7. c3 Nf6 8. e5 Ne4 9. exd6 Qxd6 10. Re1 f5 11. Qb3 Nc6 12. Bf7+ Kf8 13. Nbd2 Na5 14. Qd5 Qxd5 15. Bxd5 Nxd2 16. Bxd2 c6 17. Bb3 Nxb3 18. axb3 Kf7 19. h4 Bf6 20. Ne5+ Bxe5 21. Rxe5 Be6 22. c4 Rhd8 23. Bc3 Rd7 24. Rae1 Re8 25. hxg5 hxg5 26. Rd1 Rdd8 27. Rc5 Re7 28. Kf2 Bd7 29. Rh1 Rde8 30. Rh7+ Kg6 31. Rxe7 Rxe7 32. Re5 Rxe5 33. dxe5 c5 34. b4 cxb4 35. Bxb4 Kf7 36. Bd6 Ke6 37. b4 a6 38. g3 fxg3+ 39. Kxg3 Kf7 40. Bc7 Be6 41. c5 Kg6 42. Bd8 f4+ 43. Kf3 Kf5 44. Bf6 g4+ 45. Ke2 g3 46. Kf1 f3 47. Bh4 Kg4 48. Be7 Bc4+ 0-1

[Event "Zirndorf Cup"]
[Site "Zirndorf"]
[Date "2017.09.02"]
[Round "5"]
[White "Gajewski, Richard"]
[Black "Suva, Karl"]
[Result "1-0"]
[WhiteElo "1707"]
[BlackElo "1588"]
[PlyCount "49"]
[EventDate "2017.08.30"]
[EventType "swiss"]
[EventRounds "7"]
[EventCountry "GER"]
[SourceTitle "CBM 180 Extra"]
[Source "ChessBase"]
[SourceDate "2017.10.06"]
[SourceVersion "1"]
[SourceVersionDate "2017.10.06"]
[SourceQuality "1"]

1. e4 g6 2. d4 e6 3. f4 c5 4. Nf3 cxd4 5. Nxd4 Bg7 6. c3 Ne7 7. Bd3 d5 8. 0-0 0-0 9. Be3 b6 10. Nd2 Bb7 11. Qc2 Nd7 12. Rf3 Rc8 13. Raf1 Re8 14. Rh3 f5 15. Nxe6 dxe4 16. Nxd8 Rexd8 17. Nxe4 fxe4 18. Bxe4 Ba6 19. Rd1 Nf6 20. Rxd8+ Rxd8 21. Bd4 Re8 22. Qa4 Bc8 23. Bxf6 Rd8 24. Bxe7 Rd7 25. Qc4+ 1-0

[Event "Zirndorf Cup"]
[Site "Zirndorf"]
[Date "2017.09.01"]
[Round "4"]
[White "Grabmeier, Johannes"]
[Black "Gajewski, Richard"]
[Result "1-0"]
[WhiteElo "1955"]
[BlackElo "1707"]
[PlyCount "77"]
[EventDate "2017.08.30"]
[EventType "swiss"]
[EventRounds "7"]
[EventCountry "GER"]
[SourceTitle "CBM 180 Extra"]
[Source "ChessBase"]
[SourceDate "2017.10.06"]
[SourceVersion "1"]
[SourceVersionDate "2017.10.06"]
[SourceQuality "1"]

1. b3 c5 2. e3 b6 3. Bb2 Na6 4. Nf3 Nc7 5. c4 Bb7 6. Be2 d6 7. d4 cxd4 8. exd4 Nf6 9. Nc3 e6 10. 0-0 g6 11. Re1 Bg7 12. Rc1 0-0 13. Ba3 Re8 14. Nd2 Rc8 15. Bf3 Bxf3 16. Nxf3 Nh5 17. d5 Bxc3 18. Rxc3 e5 19. Nd2 f5 20. g4 Nf4 21. Kh1 Ncxd5 22. Rg3 Ne7 23. Nf3 fxg4 24. Rxg4 Nf5 25. Rxf4 exf4 26. Qd5+ Kf8 27. Rg1 Qc7 28. Qd2 Kg7 29. Bb2+ Kf8 30. Qxf4 Re2 31. Nd4 Qb7+ 32. f3 Rxb2 33. Nxf5 gxf5 34. Qxf5+ Qf7 35. Qxc8+ Ke7 36. Qc7+ Ke8 37. Re1+ Kf8 38. Qxd6+ Kg7 39. Rg1+ 1-0

[Event "Forchheim op-B 15th"]
[Site "Forchheim"]
[Date "2016.10.01"]
[Round "1"]
[White "Gajewski, Richard"]
[Black "Doll, Alexander"]
[Result "0-1"]
[WhiteElo "1735"]
[BlackElo "1484"]
[PlyCount "113"]
[EventDate "2016.10.01"]
[EventType "swiss"]
[EventRounds "5"]
[EventCountry "GER"]
[SourceTitle "EXT 2019"]
[Source "ChessBase"]
[SourceDate "2018.10.10"]
[SourceVersion "1"]
[SourceVersionDate "2018.10.10"]
[SourceQuality "1"]

1. e4 e5 2. d4 exd4 3. Bc4 Nc6 4. Nf3 Bb4+ 5. c3 dxc3 6. bxc3 Bc5 7. 0-0 d6 8. Ng5 Nh6 9. h3 0-0 10. Kh1 Na5 11. Bd3 f6 12. Nf3 Nf7 13. Nbd2 Bd7 14. Nb3 Nxb3 15. axb3 Re8 16. Ra5 Bc6 17. Qc2 Ne5 18. b4 Nxd3 19. Qxd3 Bb6 20. Rh5 Bxe4 21. Qd1 Bg6 22. Rd5 Bf7 23. Rd2 Qd7 24. Nh2 Re7 25. Qf3 Qc6 26. Qg3 Rae8 27. Rdd1 Bb3 28. Ng4 Kf7 29. Be3 Bxd1 30. Rxd1 Bxe3 31. fxe3 Qxc3 32. Rf1 Qxb4 33. Qh4 Qb2 34. Qxh7 Ke6 35. Qf5+ Kf7 36. Qh7 Re6 37. Nh6+ Ke7 38. Qxg7+ Kd8 39. Ng8 a5 40. Nxf6 Rxf6 41. Rxf6 Qa1+ 42. Kh2 Qe5+ 43. Kh1 a4 44. Qh6 Qxe3 45. Qh4 Qe1+ 46. Qxe1 Rxe1+ 47. Kh2 a3 48. Rf2 b5 49. Ra2 b4 50. h4 b3 51. Rxa3 b2 52. Rb3 b1Q 53. Rxb1 Rxb1 54. h5 Ke7 55. g4 Rb3 56. g5 Kf7 57. Kg2 0-1

[Event "Forchheim op-B 14th"]
[Site "Forchheim"]
[Date "2015.10.04"]
[Round "5"]
[White "Gajewski, Richard"]
[Black "Goetzel, Alfred"]
[Result "1-0"]
[WhiteElo "1718"]
[BlackElo "1950"]
[PlyCount "63"]
[EventDate "2015.10.02"]
[EventType "swiss"]
[EventRounds "5"]
[EventCountry "GER"]
[SourceTitle "EXT 2019"]
[Source "ChessBase"]
[SourceDate "2018.10.10"]
[SourceVersion "1"]
[SourceVersionDate "2018.10.10"]
[SourceQuality "1"]

1. e4 c5 2. f4 d5 3. e5 Nc6 4. Bb5 Bd7 5. Bxc6 Bxc6 6. Nf3 e6 7. 0-0 Nh6 8. Nc3 Be7 9. Ne2 Nf5 10. d4 0-0 11. g4 Nh4 12. c3 Nxf3+ 13. Rxf3 Qb6 14. f5 cxd4 15. cxd4 Bb5 16. Nc3 Rac8 17. f6 Bb4 18. fxg7 Rfe8 19. a3 Be7 20. Rh3 f6 21. Be3 Bd7 22. exf6 Bxf6 23. Qd3 Qxb2 24. Qxh7+ Kf7 25. Rf1 Rg8 26. g5 e5 27. Rxf6+ Ke7 28. Rhf3 Be6 29. Rxe6+ Kxe6 30. Qg6+ Kd7 31. Rf7+ Kd8 32. Qd6+ 1-0

[Event "Nuremberg Zabo op 16th"]
[Site "Nuremberg"]
[Date "2014.09.20"]
[Round "3"]
[White "Gajewski, Richard"]
[Black "Dresel, Martin"]
[Result "1-0"]
[WhiteElo "1521"]
[BlackElo "1329"]
[PlyCount "41"]
[EventDate "2014.09.19"]
[EventType "swiss"]
[EventRounds "5"]
[EventCountry "GER"]
[SourceTitle "EXT 2018"]
[Source "ChessBase"]
[SourceDate "2017.10.13"]
[SourceVersion "1"]
[SourceVersionDate "2017.10.13"]
[SourceQuality "1"]

1. e4 c6 2. f4 d5 3. e5 Bf5 4. d3 e6 5. Be2 Nd7 6. Be3 Bc5 7. Qd2 Bxe3 8. Qxe3 Qb6 9. Qc1 0-0-0 10. a4 a5 11. Ra3 Kc7 12. Nf3 f6 13. Nbd2 Ne7 14. Rb3 Qa7 15. d4 Ng6 16. g3 Ra8 17. c4 Nb6 18. cxd5 Nxd5 19. Nc4 Nge7 20. Nd6 Nb4 21. Nb5+ 1-0

[Event "Pyramiden Franken Cup"]
[Site "Fuerth"]
[Date "2014.09.05"]
[Round "2"]
[White "Gajewski, Richard"]
[Black "Gschwendtner, Stanislav"]
[Result "0-1"]
[WhiteElo "1711"]
[BlackElo "2000"]
[PlyCount "92"]
[EventDate "2014.09.04"]
[EventType "swiss"]
[EventRounds "7"]
[EventCountry "GER"]
[SourceTitle "CBM 162 Extra"]
[Source "ChessBase"]
[SourceDate "2014.10.17"]
[SourceVersion "1"]
[SourceVersionDate "2014.10.17"]
[SourceQuality "1"]

1. c4 c5 2. g3 g6 3. Bg2 Bg7 4. Nc3 Nc6 5. a3 Nf6 6. d3 0-0 7. Bg5 d6 8. f4 Ng4 9. Qd2 Nd4 10. f5 Nb3 11. Qd1 Nxa1 12. Qxa1 h6 13. Bd2 Bd4 14. Nd1 h5 15. h3 Nf6 16. fxg6 fxg6 17. Nf3 Be5 18. Nxe5 dxe5 19. b4 e4 20. Bh6 Rf7 21. dxe4 Qd4 22. Qxd4 cxd4 23. e5 Nh7 24. Bd5 e6 25. Be4 g5 26. Bg6 Rc7 27. Rf1 b6 28. Nb2 Bb7 29. Bxh5 Bg2 30. Rf2 Be4 31. h4 gxh4 32. g4 h3 33. Rh2 Bg2 34. g5 a5 35. b5 Nf8 36. Bg4 Re8 37. Bxh3 Bxh3 38. Rxh3 Ng6 39. Rg3 Nxe5 40. g6 Nxc4 41. Nxc4 Rxc4 42. Rf3 Rc7 43. Rd3 e5 44. Rf3 Rce7 45. Rf6 Re6 46. Rf7 Rxg6 0-1

[Event "Mittelfranken-ch qual"]
[Site "Wachendorf"]
[Date "2013.03.27"]
[Round "3.2"]
[White "Gajewski, Richard"]
[Black "Luther, Helmut"]
[Result "0-1"]
[WhiteElo "1774"]
[BlackElo "2008"]
[PlyCount "88"]
[EventDate "2013.03.27"]
[EventType "swiss"]
[EventRounds "7"]
[EventCountry "GER"]
[SourceTitle "EXT 2022"]
[Source "ChessBase"]
[SourceDate "2021.10.06"]
[SourceVersion "1"]
[SourceVersionDate "2021.10.06"]
[SourceQuality "1"]

1. a3 d5 2. b4 e5 3. Bb2 Bd6 4. e3 Nf6 5. c4 c6 6. cxd5 cxd5 7. Nc3 Nbd7 8. Nf3 0-0 9. Ng5 h6 10. h4 Re8 11. Nf3 a6 12. Nh2 Nb6 13. b5 d4 14. Na4 Bd7 15. Nxb6 Qxb6 16. Qb3 dxe3 17. dxe3 axb5 18. Bc4 Qa5+ 19. Bc3 bxc4 20. Qxc4 Qc5 21. Qxc5 Bxc5 22. Ke2 Bb5+ 23. Ke1 Rxa3 24. Rxa3 Bxa3 25. Nf3 Ne4 26. Bd2 Nxd2 27. Kxd2 Bc6 28. Rb1 b5 29. Rb3 Bxf3 30. gxf3 Rd8+ 31. Ke2 b4 32. f4 exf4 33. e4 Rd4 34. Kf3 g5 35. hxg5 hxg5 36. e5 Kg7 37. Kg4 Kg6 38. Rh3 Re4 39. Rh8 Rxe5 40. f3 Rb5 41. Rd8 b3 42. Rd3 b2 43. Rxa3 b1Q 44. Ra6+ f6 0-1

[Event "Mittelfranken-chTB2b 1213"]
[Site "Germany"]
[Date "2013.02.11"]
[Round "7.4"]
[White "Reuter, Roland"]
[Black "Gajewski, Richard"]
[Result "1-0"]
[WhiteElo "1947"]
[BlackElo "1617"]
[PlyCount "83"]
[EventDate "2012.10.07"]
[EventType "team-tourn"]
[EventRounds "9"]
[EventCountry "GER"]
[SourceTitle "EXT 2019"]
[Source "ChessBase"]
[SourceDate "2018.10.10"]
[SourceVersion "1"]
[SourceVersionDate "2018.10.10"]
[SourceQuality "1"]
[WhiteTeam "Muehlhof/Schwabach"]
[BlackTeam "Gunzenhausen/Weissenburg II"]
[WhiteTeamCountry "GER"]
[BlackTeamCountry "GER"]

1. d4 e6 2. c4 b6 3. Nc3 Bb4 4. Nf3 Bb7 5. e3 f5 6. Be2 Nf6 7. Bd2 0-0 8. a3 Bxc3 9. Bxc3 Ne4 10. Qc2 d6 11. 0-0 Rf6 12. Rad1 Rg6 13. d5 Nxc3 14. bxc3 Bc8 15. Bd3 Qf6 16. e4 Na6 17. exf5 exf5 18. Nd4 Rg4 19. f4 Rh4 20. Qe2 g6 21. Qe8+ Qf8 22. Qc6 Rb8 23. Rfe1 Bb7 24. Qd7 Rd8 25. Qb5 Nc5 26. Be2 Rh6 27. Bf3 a6 28. Qb2 Qf6 29. Re3 g5 30. fxg5 Qxg5 31. Rde1 Rf6 32. Qd2 Qg6 33. Qf2 Rdf8 34. Qh4 Qh6 35. Nxf5 Rxf5 36. Qxh6 b5 37. Re7 R5f7 38. Rxf7 Kxf7 39. Qxh7+ Kf6 40. Qh6+ Kf7 41. Bh5+ Kg8 42. Bg6 1-0

[Event "Mittelfranken-chTB2b 1213"]
[Site "Germany"]
[Date "2012.12.16"]
[Round "5.5"]
[White "Gajewski, Richard"]
[Black "Weber, Winfried"]
[Result "0-1"]
[WhiteElo "1617"]
[BlackElo "1916"]
[PlyCount "92"]
[EventDate "2012.10.07"]
[EventType "team-tourn"]
[EventRounds "9"]
[EventCountry "GER"]
[SourceTitle "EXT 2019"]
[Source "ChessBase"]
[SourceDate "2018.10.10"]
[SourceVersion "1"]
[SourceVersionDate "2018.10.10"]
[SourceQuality "1"]
[WhiteTeam "Gunzenhausen/Weissenburg II"]
[BlackTeam "Neumarkt"]
[WhiteTeamCountry "GER"]
[BlackTeamCountry "GER"]

1. c4 e6 2. Nc3 Nf6 3. g3 d5 4. cxd5 exd5 5. Bg2 c6 6. e3 Bd6 7. Nge2 0-0 8. 0-0 Re8 9. f4 Bf5 10. d3 Bc5 11. d4 Bb6 12. h3 Nbd7 13. g4 Be4 14. Ng3 Bxg2 15. Kxg2 c5 16. dxc5 Nxc5 17. g5 Nfe4 18. Qxd5 Nxc3 19. Qxd8 Raxd8 20. bxc3 Rd3 21. c4 Ne4 22. Nxe4 Rxe4 23. Re1 Rxc4 24. Kf3 Rc2 25. Re2 Rdc3 26. Rxc2 Rxc2 27. Ba3 f5 28. Bd6 Rh2 29. Re1 Rxa2 30. Be5 Ra3 31. h4 g6 32. Kf2 Rd3 33. Bb8 Bc5 34. Re2 a5 35. Be5 a4 36. Rc2 b6 37. Bd4 Bxd4 38. exd4 Rxd4 39. Rb2 Rxf4+ 40. Ke3 a3 41. Rxb6 Ra4 42. Rb1 Kf7 43. Kd2 a2 44. Ra1 Rxh4 45. Kc3 Ra4 46. Kb3 Ra6 0-1

[Event "Mittelfranken-ch HT 61st"]
[Site "Weissenburg"]
[Date "2012.04.03"]
[Round "3"]
[White "Gajewski, Richard"]
[Black "Schuster, Erwin"]
[Result "0-1"]
[WhiteElo "1668"]
[BlackElo "1335"]
[PlyCount "98"]
[EventDate "2012.04.02"]
[EventType "swiss"]
[EventRounds "7"]
[EventCountry "GER"]
[SourceTitle "EXT 2015"]
[Source "ChessBase"]
[SourceDate "2014.11.20"]
[SourceVersion "1"]
[SourceVersionDate "2014.11.20"]
[SourceQuality "1"]

1. e4 e6 2. f4 d5 3. e5 b6 4. Nf3 Ba6 5. d3 c5 6. b3 Ne7 7. g3 Nf5 8. Bg2 Nc6 9. c4 b5 10. cxd5 Qxd5 11. Nc3 Qd8 12. Ng5 Nfd4 13. a3 b4 14. Na4 Rc8 15. Bxc6+ Rxc6 16. Nb2 Qd5 17. Rf1 Nxb3 18. Rb1 Nd4 19. Bd2 b3 20. Nc4 Nc2+ 21. Ke2 Bxc4 22. dxc4 Qxc4+ 23. Kf2 Qd4+ 24. Kg2 c4 25. Nf3 Qd3 26. Rf2 Bc5 27. Re2 Bxa3 28. Ne1 Qd5+ 29. Kh3 Nd4 30. Re3 Nf5 31. Rexb3 cxb3 32. Rxb3 Be7 33. Rb8+ Bd8 34. Qa4 0-0 35. Bb4 Be7 36. Rxf8+ Kxf8 37. Bxe7+ Kxe7 38. Qxa7+ Qd7 39. Qa3+ Kd8 40. g4 Nd4 41. Qf8+ Kc7 42. Qxg7 Rc3+ 43. Kh4 Nf3+ 44. Nxf3 Rxf3 45. Qxh7 Qe7+ 46. g5 Rxf4+ 47. Kh5 Qb4 48. Qc2+ Kd7 49. Kh6 Qf8+ 0-1

[Event "Mittelfranken-ch HT 61st"]
[Site "Weissenburg"]
[Date "2012.04.02"]
[Round "1"]
[White "Gajewski, Richard"]
[Black "Fischer, Gerd"]
[Result "0-1"]
[WhiteElo "1668"]
[BlackElo "2010"]
[PlyCount "78"]
[EventDate "2012.04.02"]
[EventType "swiss"]
[EventRounds "7"]
[EventCountry "GER"]
[SourceTitle "EXT 2015"]
[Source "ChessBase"]
[SourceDate "2014.11.20"]
[SourceVersion "1"]
[SourceVersionDate "2014.11.20"]
[SourceQuality "1"]

1. e4 c5 2. c3 d5 3. exd5 Qxd5 4. Na3 e5 5. Qb3 Qxb3 6. axb3 Bd7 7. Bc4 Nc6 8. Nf3 Be7 9. Nb5 Rc8 10. Bd5 a6 11. Bxc6 Rxc6 12. Na3 f6 13. Nc4 e4 14. Ng1 Nh6 15. f3 Bf5 16. fxe4 Bxe4 17. Ne3 f5 18. Ne2 Bh4+ 19. Kd1 Bf2 20. Ng3 Bd3 21. Ne2 0-0 22. Rf1 Ng4 23. h3 Nxe3+ 24. dxe3 Bh4 25. Ra4 Bg5 26. Rf3 Rd6 27. Ke1 Be4 28. Rg3 Bh4 29. Rc4 Bxg3+ 30. Nxg3 Bxg2 31. Rxc5 Bxh3 32. Ne2 Bg2 33. b4 Be4 34. Nd4 h5 35. b5 h4 36. Kf2 Rg6 37. bxa6 bxa6 38. Nf3 h3 39. Rc4 Rg2+ 0-1

[Event "Mittelfranken-chTB1 1112"]
[Site "Germany"]
[Date "2012.03.25"]
[Round "9.7"]
[White "Gajewski, Richard"]
[Black "Pranschke, Gerd"]
[Result "0-1"]
[WhiteElo "1676"]
[BlackElo "1912"]
[PlyCount "104"]
[EventDate "2011.09.25"]
[EventType "team-tourn"]
[EventRounds "9"]
[EventCountry "GER"]
[SourceTitle "EXT 2018"]
[Source "ChessBase"]
[SourceDate "2017.10.13"]
[SourceVersion "1"]
[SourceVersionDate "2017.10.13"]
[SourceQuality "1"]
[WhiteTeam "Gunzenhausen"]
[BlackTeam "Nuernberg NT III"]
[WhiteTeamCountry "GER"]
[BlackTeamCountry "GER"]

1. e4 c5 2. f4 e6 3. Nf3 Nc6 4. c3 d5 5. e5 Nge7 6. Bd3 Qb6 7. Na3 a6 8. b3 g6 9. Nc2 Nf5 10. g4 Nfe7 11. Ne3 Bd7 12. Rb1 h5 13. Rf1 0-0-0 14. Ng5 Be8 15. Be2 hxg4 16. Bxg4 Nf5 17. Bxf5 gxf5 18. Qe2 Be7 19. Nf3 f6 20. Nc2 fxe5 21. fxe5 d4 22. cxd4 cxd4 23. Qc4 d3 24. Ne3 Bf7 25. a3 Kb8 26. b4 Nd4 27. Bb2 Nxf3+ 28. Rxf3 Rxh2 29. Qf4 Rh1+ 30. Rf1 Bh4+ 31. Kd1 Rxf1+ 32. Qxf1 Bh5+ 33. Kc1 Rc8+ 34. Bc3 Rxc3+ 35. Kb2 Rc8 36. Qxd3 Bf2 37. Nc4 Qd4+ 38. Qxd4 Bxd4+ 39. Kb3 Bf3 40. d3 Bd5 41. Rd1 Bxe5 42. a4 f4 43. b5 axb5 44. axb5 Bd4 45. Kb4 f3 46. Nd2 Bc3+ 47. Ka4 Kc7 48. b6+ Kxb6 49. Nc4+ Bxc4 50. dxc4 f2 51. Kb3 Be1 52. Rd6+ Rc6 0-1